000 00552nam a22002057a 4500
005 20260515114917.0
008 220518b ||||| |||| 00| 0 eng d
020 _a9789385439742
040 _aIN-DiNC
_cIN-DiNC
041 _dasm
082 _a370
_bSAI
100 _aSaikia, Tarun
_eauthor
245 _aLinga aru shiksha
_cby Tarun Saikia and Runu Borah Saikia
250 _a2nd ed.
260 _aJorhat:
_bBidya Bhawan,
_c2022.
300 _a356p.
650 _aGender and Education
700 _aSaikia, Runu Borah
_eauthor
942 _2ddc
_cBK
999 _c11272
_d11272